Schiedsrichter der Bundesligen Saison 2023/24 - Statistiken

Allgemein
  • Dieses Quiz wurde 83 mal gespielt
  • Das Durchschnittsergebnis liegt bei 12 aus 40
Antwortstatistiken
Verband Besonderheiten Spiele in der Bundesliga Spiele in der 2. Bundesliga Name % Korrekt
Bayerischer FV FIFA-Schiedsrichter, 2x Schiedsrichter des Jahres 230 104 Deniz Aytekin
99%
Bayerischer FV FIFA-Schiedsrichter, 2x WM, 2x EM, 1x Olympia 1x FIFA Konfedcup, 1x FIFA Klub-WM, 1x UCL-Finale 1x UEL-Finale 2x DFB-Pokal-Finale 6x Schiedsrichter des Jahres 2x Weltschiedsrichter des Jahres 344 137 Felix Brych
79%
Berliner FV FIFA-Schiedsrichter (aktiv) 1x DFB-Pokal-Finale 1x DFL-Supercup 1x Schiedsrichter des Jahres 223 109 Felix Zwayer
76%
Hamburger FV 79 89 Patrick Ittrich
49%
Berliner FV FIFA-Schiedsrichter (aktiv) 1x DFL Supercup 1x DFB-Pokal-Finale 1x EM 163 91 Daniel Siebert
46%
FV Mittelrhein FIFA-Schiedsrichter (aktiv) 1x DFB-Pokal-Finale 1x DFL-Supercup 138 85 Sascha Stegemann
46%
Bremer FV 88 60 Sven Jablonski
41%
LFV Mecklenburg-Vorpommern FIFA-Schiedsrichter (aktiv), 1x DFL Supercup Teilnahmen als Assistent: 1x UEL-Finale, 1x EM, 1x UCL-Finale, als VAR: 1x WM, 1x Frauen-WM, 1x EM, 1x Conferencle League-Finale, 1x UEL-Finale, 1x DFB-Pokal-Finale, 1x Supercup-Finale 155 90 Bastian Dankert
40%
Niedersächsischer FV FIFA-Schiedsrichter (aktiv) 103 94 Harm Osmers
39%
Hessischer FV FIFA-Schiedsrichter (aktiv) 1x DFB-Pokal-Finale 174 95 Tobias Stieler
39%
Württembergischer FV FIFA-Schiedsrichter, 1x DFB-Pokal-Finale 1x DFL Supercup 1x Schiedsrichter des Jahres 204 88 Marco Fritz
37%
Südbadischer FV FIFA-Schiedsrichter (aktiv) 69 52 Daniel Schlager
36%
FLV Westfalen 39 48 Sören Storks
36%
Bayerischer FV 44 61 Florian Badstübner
33%
Südbadischer FV 39 58 Matthias Jöllenbeck
30%
Südwestdeutscher FV 181 143 Christian Dingert
29%
Bayerischer FV 148 127 Robert Hartmann
26%
Niedersächsischer FV FIFA-Schiedsrichter (aktiv) 1x DFL Supercup 71 57 Robert Schröder
26%
Württembergischer FV 65 104 Martin Petersen
24%
Württembergischer FV 0 9 Pascal Müller
24%
Niedersächsischer FV 85 123 Frank Willenborg
23%
Hessischer FV FIFA-Schiedsrichter 1x DFB-Pokal-Finale 1x DFL-Supercup 124 112 Tobias Welz
23%
Württembergischer FV 35 117 Dr. Robert Kampka
21%
FVL Westfalen 0 18 Florian Exner
21%
Bayerischer FV 63 59 Benjamin Brand
20%
FV Niederrhein 1 27 Dr. Robin Braun
19%
Südwestdeutscher FV 2 74 Timo Gerach
17%
Tobias Reichel
17%
Berliner FV 0 22 Dr. Max Burda
16%
Niedersächsischer FV 0 82 Florian Heft
16%
Saarländischer FV 0 80 Patrick Alt
16%
Südwestdeutscher FV 0 8 Tom Bauer
16%
Südwestdeutscher FV 0 44 Nicolas Winter
14%
Sächsischer FV 0 8 Richard Hempel
13%
Bayerischer FV 0 56 Michael Bacher
11%
Schleswig-Holsteinischer FV 0 23 Patrick Schwengers
11%
Niedersächsischer FV 1 90 Arne Aarnik
10%
Bayerischer FV 0 15 Wolfgang Haslberger
10%
Sächsischer FV 0 66 Alexander Sather
7%
LFV-Mecklenburg-Vorpommern 0 29 Florian Lechner
7%
Keine übereinstimmenden Quizze gefunden
Verteilung der Resultate
Anzahl Personen mit jedem Resultat
Perzentil nach korrekt beantworteten Fragen
Ihre Resultats-Entwicklung
Sie haben dieses Quiz noch nicht gespielt